ইতিহাস আমাদের দিকে / (Record no. 33545)
[ view plain ]
| 000 -LEADER | |
|---|---|
| fixed length control field | 00825nam a22002291 4500 |
| 001 - CONTROL NUMBER | |
| control field | 33545 |
| 003 - CONTROL NUMBER IDENTIFIER | |
| rucl marc code | BD-RjUL |
| 005 - DATE AND TIME OF LATEST TRANSACTION | |
| control field | 20211209052027.0 |
| 008 - FIXED-LENGTH DATA ELEMENTS--GENERAL INFORMATION | |
| fixed length control field | 160831s1997 bg a 001 0 ben d |
| 020 ## - INTERNATIONAL STANDARD BOOK NUMBER | |
| International Standard Book Number | 9840501755 |
| 035 ## - SYSTEM CONTROL NUMBER | |
| System control number | (BD-RjUL)33636 |
| 040 ## - CATALOGING SOURCE | |
| Original cataloging agency | DLC |
| Transcribing agency | DLC |
| Modifying agency | DLC |
| -- | BD-RjUL |
| Language of cataloging | ben |
| 041 ## - LANGUAGE CODE | |
| Language code of text/sound track or separate title | ben |
| 082 00 - DEWEY DECIMAL CLASSIFICATION NUMBER | |
| Classification number | 954.9205 |
| Author mark and year | GUI 1997 |
| 100 ## - MAIN ENTRY--PERSONAL NAME | |
| Personal name | গুপ্ত, সন্তোষ |
| 9 (RLIN) | 121441 |
| 245 ## - TITLE STATEMENT | |
| Title | ইতিহাস আমাদের দিকে / |
| Statement of responsibility, etc. | সন্তোষ গুপ্ত |
| 260 ## - PUBLICATION, DISTRIBUTION, ETC. (IMPRINT) | |
| Place of publication, distribution, etc. | ঢাকা : |
| Name of publisher, distributor, etc. | দি ইউনিভার্সিটি প্রেস লিমিটেড, |
| Date of publication, distribution, etc. | ১৯৯৭ |
| 300 ## - PHYSICAL DESCRIPTION | |
| Pagination | xi, ১৭৯ পৃ. , |
| Size | ২২ সেমি. |
| 650 ## - SUBJECT ADDED ENTRY--TOPICAL TERM | |
| Topical term or geographic name as entry element | বাংলাদেশ |
| Form subdivision | ইতিহাস |
| 9 (RLIN) | 153801 |
| Topical term or geographic name as entry element | Bangladesh |
| Form subdivision | History |
| 9 (RLIN) | 153802 |
| 942 ## - ADDED ENTRY ELEMENTS (KOHA) | |
| Source of classification or shelving scheme | Dewey Decimal Classification |
| Koha item type | Books |
| Lost status | Source of classification or shelving scheme | Damaged status | Not for loan | Collection code | Permanent Location | Current Location | Shelving location | Date acquired | Source of acquisition | Cost, normal purchase price | Total Checkouts | Full call number | Date last seen | Copy number | Koha item type |
|---|---|---|---|---|---|---|---|---|---|---|---|---|---|---|---|
| Dewey Decimal Classification | Non-fiction | Central Library, University of Rajshahi | Central Library, University of Rajshahi | 09/12/2012 | Dhaka,Santosh Gupta smriti Parishad | 160.00 | B 954.9205 GUI 1997 | 31/08/2016 | C-2 | Books | |||||
| Dewey Decimal Classification | Not For Loan | Non-fiction | Central Library, University of Rajshahi | Central Library, University of Rajshahi | Reading Room | 09/12/2012 | Sontoshguptp porishod, Dhaka | 160.00 | B 954.9205 GUI 1997 | 14/03/2017 | C-1 | Books |